A treatise of algebra, both historical and practical (Record no. 113753)
[ view plain ]
| 000 -LEADER | |
|---|---|
| fixed length control field | 01390cam a22001815a 4500 |
| 001 - CONTROL NUMBER | |
| control field | L155686 |
| 008 - FIXED-LENGTH DATA ELEMENTS--GENERAL INFORMATION | |
| fixed length control field | 120402s1685 xxk f 000 0 eng d |
| 035 ## - SYSTEM CONTROL NUMBER | |
| System control number | (Sirsi) u155686 |
| 041 0# - LANGUAGE CODE | |
| Language code of text/sound track or separate title | eng |
| 100 1# - MAIN ENTRY--PERSONAL NAME | |
| Personal name | Wallis, John |
| Dates associated with a name | fl. 1798-1815 |
| 245 02 - TITLE STATEMENT | |
| Title | A treatise of algebra, both historical and practical |
| Remainder of title | Shewing, the original, progress, and advancement thereof, from time to time; and by what steps it hath attained to the heighth at which now it is. With some additional treatises, I. Of the cono-cuneus; being a body representing in part a conus, in part a cuneus. II. Of angular sections; and other things relating there-unto, and to trigonometry. III. Of the angle of contact; with other things appertaining to the composition of magnitudes, the inceptives of magnitudes, and the composition of motions, with the results thereof. IV. Of combinations, alternations, and aliquot parts. By John Wallis, D.D. Professor of geometry in the University of Oxford; and a member of the Royal Society, London |
| 260 ## - PUBLICATION, DISTRIBUTION, ETC. | |
| Place of publication, distribution, etc. | London |
| Name of publisher, distributor, etc. | printed by John Playford, for Richard Davis, bookseller, in the University of Oxford |
| Date of publication, distribution, etc. | M. DC. LXXXV. [1685] |
| 300 ## - PHYSICAL DESCRIPTION | |
| Extent | [20], 33, 36-374, [4], 17, [3], 76 [i.e. 176], [2], 17, [1] p., [10] leaves of plates |
| Other physical details | ill. |
| Dimensions | 2o |
| 583 ## - ACTION NOTE | |
| Action | Condition reviewed |
| Time/date of action | 20120620 |
| Status | condition level 1 |
| 651 #4 - SUBJECT ADDED ENTRY--GEOGRAPHIC NAME | |
| Geographic name | Great Britain |
| Chronological subdivision | 1707- |
| 690 ## - LOCAL SUBJECT ADDED ENTRY--TOPICAL TERM (OCLC, RLIN) | |
| Topical term or geographic name as entry element | Measurement |
| 9 (RLIN) | 6256 |
| 942 ## - ADDED ENTRY ELEMENTS (KOHA) | |
| Suppress in OPAC | 0 |
| Withdrawn status | Lost status | Source of classification or shelving scheme | Damaged status | Not for loan | Home library | Current library | Shelving location | Date acquired | Total Checkouts | Full call number | Barcode | Date last seen | Copy number | Price effective from | Koha item type |
|---|---|---|---|---|---|---|---|---|---|---|---|---|---|---|---|
| Dewey Decimal Classification | Historic collection | Historic collection | Historic collection | 02/04/2012 | FOLIO 1685 WALLIS | 30075940 | 06/08/2019 | 1 | 06/08/2019 | Book |